00638cam a22001812 450000100060000000300080000600500170001400800410003103500190007204000270009104100080011808200270012610000370015324501650019026000570035530000250041265000190043717705BD-RjUL20211209000159.0140217r19621958enk 000 1 eng d a(BD-RjUL)17763 aBMCcBMCdBD-RjULbeng aeng04a812.5082218bWIF 19621 aWilliams, Tennessee,d1911-1983.10aFive plays :bcat on a hot tin roof, the rose tattoo, garden district : something unspoken and suddenly last summer, orpheus descending /cby Tenessee Williams. aLondon :bSecker & Warburg,cc1958 [Published 1962]. axvi, 374 p. ;c23cm. 0aAmerican drama